| 000 | 00601nam a2200181Ia 4500 | ||
|---|---|---|---|
| 005 | 20250423100955.0 | ||
| 008 | 250422s9999 xx 000 0 und d | ||
| 020 | _a1- 932565- 30- 2 | ||
| 050 | _aRJ 506 .A9 L495/ | ||
| 100 | _aLewis, Lisa S. | ||
| 245 | 0 | _aSpecial diets for special people: understanding and implementing a gluten- free and casein- free diet to aid in the treatment of autism and related developmental disorders | |
| 260 | _aArlington, Tex | ||
| 260 | _bFuture Horizons Inc. | ||
| 260 | _c2005 | ||
| 300 | _a370 p | ||
| 650 | _aSpecial diets for special people | ||
| 942 | _cBK | ||
| 999 |
_c34910 _d34910 |
||